| 000 | 00427nam a2200133Ia 4500 | ||
|---|---|---|---|
| 008 | 220216s9999 xx 000 0 und d | ||
| 100 | _aDung Phan Thanh | ||
| 245 | 0 | _aCorynespora leaf fall on rubber in Vietnam: A new record | |
| 260 | _bProceedings of IRRDB Symposium 1999, Hainan, Peoples Republic of China. pp.273-275. | ||
| 650 | _aCorynespora leaf fall | ||
| 650 | _aVietnam | ||
| 700 | _aHoan Nguyen Thai | ||
| 942 | _cJS | ||
| 999 |
_c56424 _d56424 |
||